Chapter 6. teachers and instruction.

Spremljeno u:
Bibliografski detalji
Glavni autor: Mullis, Ina et al, (autor)
Format: Knjiga
Jezik:engleski
Teme:
Online pristup:Ver documento en línea
Oznake: Dodaj oznaku
Bez oznaka, Budi prvi tko označuje ovaj zapis!

MARC

LEADER 00000cam^a2200000uu^4500
001 000525909
005 20260414000000.0
008 052102s2003^^^^^^^^^^^^rd^r^1000^0^spa^d
009 20260414194656.739
035 |a FCE 000070154 
037 |a Acervo ITESO - Biblioteca 
041 |a eng 
095 |a CD 393 
100 |a Mullis, Ina,  |e et al  |e (autor) 
245 1 0 |a Chapter 6. teachers and instruction.  |h [recurso electrónico] 
264 |a Chestnut Hill :  |b Boston College,  |c 2000. 
300 |a 1 disco compacto (pp.183-225) :  |c 4 3/4 pulg. 
336 |a texto  |b txt  |2 rdacontenido 
337 |a sin mediación  |b n  |2 rdamedio 
338 |a volumen  |b nc  |2 rdasoporte 
649 |a XX 
650 |a Evaluación del alumno 
650 |a Matemáticas 
650 |a Evaluación 
650 |a General 
740 |t En: TIMSS 1999 International Mathematics Report 
740 |t Reduc: Documentos electrónicos. 
856 4 0 |u https://biblioteca.uahurtado.cl/ujah/reduc/pdf/pdf/8832.pdf  |y Ver documento en línea 
910 |a Fondo Centro de Estudios Educativos 
920 |a Impresos - Libros 
930 |a Fondos Especiales 
905 |a 133 
902 |a https://opac.biblio.iteso.mx/vufind/Record/000525909